000 00412nam a2200121Ia 4500
008 170221s9999 xx 000 0 und d
245 _aInfluencing Consumer Engagement in Environmentally Responsible Behavior
260 _bInternational Journal of Management and Marketing Reseach
260 _cJune 2014
300 _a6:1
650 _xMarketing.
856 _uhttp://www.theibfr.com/ARCHIVE/IJMMR-V9N2-2016.pdf
999 _c310202
_d310202